[Event "KAZ-ch Men 2017"]
[Site "Almaty"]
[Date "2017.04.12"]
[Round "2"]
[White "Kostenko, Petr"]
[Black "Utegaliyev, Azamat"]
[Result "0-1"]
[WhiteElo "2440"]
[BlackElo "2516"]
[Annotator "TA"]
[PlyCount "72"]
[EventDate "2017.??.??"]
[EventType "tourn"]
[EventCountry "KAZ"]
[SourceTitle "playchess.com"]
[Source "ChessBase"]
[SourceQuality "1"]

{[%evp 13,72,33,53,14,17,-12,-7,-17,-17,-21,-26,-16,-12,-12,-22,-83,-76,-85,-85,-77,-43,-115,-115,-209,-209,-253,-250,-442,-432,-391,-405,-29977,-29977,-29970,-609,-1300,-1303,-1252,-1235,-1222,-406,-1208,-1202,-1185,-897,-897,-727,-897,-890,-2103,-968,-5193,-1554,-2166,-1524,-1425,-1401,-1277,-1227,-1181,-1168]} 1. e4 e5 2. Nf3 Nc6 3. Bb5 Nf6 4. d3 {[%cal Bd2d3,Bd3d4][%mdl 32]} d6 5. O-O g6 6. Re1 {C66: Ruy Lopez: Steinitz Defence} Bg7 7. d4 Bd7 {LiveBook: 74 Games} 8. Bxc6 {White is slightly better.} (8. d5 $5 {creates asymmetry.} Ne7 9. Bd3 O-O 10. c4 h6 11. Qb3) (8. d5 Ne7 9. c4 O-O 10. Nc3 Bg4 11. h3 Bxf3 12. Qxf3 Kh8 13. Ba4 {0-1 (59) Sjugirov,S (2674)-Kramnik,V (2801) Sochi 2016}) 8... Bxc6 9. dxe5 Nxe4 10. exd6 O-O 11. dxc7 Qxc7 12. c3 Rad8 13. Qe2 Nc5 $146 (13... Nf6) 14. Na3 (14. Bg5 $11 {remains equal.}) 14... Nd3 $17 {White must now prevent ...Bxf3.} 15. Rd1 Rfe8 16. Be3 Bxf3 $1 17. gxf3 (17. Qxf3 $15 Nxb2 18. Nb5 Rxd1+ 19. Rxd1) 17... Qd7 $1 $36 {[%mdl 2048] Black has strong initiative.} 18. Rd2 (18. f4 $17) 18... Qh3 $1 $19 {...Be5 is the strong threat.} 19. Rxd3 Rxd3 20. Qxd3 $2 (20. Qf1 {might work better.} Qd7 21. Nc2) 20... Be5 21. f4 Bxf4 $1 22. Re1 (22. Nc2 $19 Qxh2+ 23. Kf1 Bxe3 24. fxe3) 22... Bxh2+ ({Weaker is} 22... Qxh2+ 23. Kf1 $14) 23. Kh1 Bf4+ (23... Bc7+ $142 24. Kg1 Re5 25. Qb5 Re4 26. Qc4 Rxe3 $1 {[%mdl 512]} 27. fxe3 Qh2+ 28. Kf1 Bg3 29. Qf4 Qh1+ 30. Ke2 Qxe1+ 31. Kf3 Qf2+ 32. Ke4 Bxf4 33. exf4 Qxb2 34. Nc4 Qxc3 35. Ne3 f5+ 36. Kf3 b5 37. Ke2 Qb2+ 38. Ke1 Qxa2 39. Kf1 b4 40. Ke1 b3 41. Nf1 Qc2 42. Ne3 Qc1+ 43. Ke2 b2 44. Nd5 b1=Q 45. Ne7+ Kf7 46. Kf3 Kxe7 47. Kg3 Qh1 48. Kf2 Qbe1#) 24. Kg1 {If only White now had time for Nc4....} Re5 {[%cal Re5g5]} 25. Qd8+ Kg7 26. Qd4 {[#]} Bh2+ $1 27. Kh1 f6 {Black is clearly winning.} 28. Qxe5 Bxe5+ 29. Kg1 Bh2+ 30. Kh1 h5 {[%cal Bh7h5,Bh5h4,Bh4h3,Bh3h2][%mdl 32]} 31. Nc2 h4 32. Bd4 Bf4+ (32... Bd6+ $142 33. Kg1 Qg4+ 34. Kf1 h3 35. Bxf6+ Kxf6) 33. Kg1 Qg4+ 34. Kf1 h3 {( -> ...h2)} 35. Re7+ Kf8 36. Bc5 h2 0-1

[Event "KAZ-ch Men 2017"]
[Site "Almaty"]
[Date "2017.04.12"]
[Round "2"]
[White "Agmanov, Zhandos"]
[Black "Kazhgaleyev, Murtas"]
[Result "0-1"]
[WhiteElo "2377"]
[BlackElo "2594"]
[Annotator "TA"]
[PlyCount "136"]
[EventDate "2017.??.??"]
[EventType "tourn"]
[EventCountry "KAZ"]
[SourceTitle "playchess.com"]
[Source "ChessBase"]
[SourceQuality "1"]

{[%evp 21,136,11,27,-7,-17,-8,-10,-12,-23,-10,-15,-26,-9,-18,-31,-39,-10,-10,-9,-10,-7,-19,-16,-15,-8,-18,-11,-22,-22,-25,-25,-40,-29,-69,-69,-83,-85,-89,-85,-85,-85,-90,-93,-94,-89,-94,-91,-114,-113,-114,-114,-123,-123,-123,-123,-122,-121,-150,-137,-135,-138,-180,-151,-187,-174,-168,-141,-160,-147,-189,-172,-159,-131,-212,-212,-202,-200,-175,-158,-372,-185,-183,-164,-243,-239,-239,-249,-241,-241,-235,-233,-250,-199,-400,-400,-454,-427,-416,-368,-961,-839,-9908,-5919,-1691,-29971,-29978,-29979,-29979,-29980,-29980,-29981,-29981,-29982,-29985,-29986,-29988,-29989]} 1. e4 e6 2. d4 d5 3. Nd2 Be7 4. Bd3 c5 5. dxc5 Nf6 6. Qe2 O-O 7. Ngf3 {C03: French Tarrasch: Unusual Black 3rd moves} a5 8. O-O (8. c3 Na6 9. e5 Nd7 10. O-O Naxc5 11. Bc2 b6 12. Re1 Ba6 13. Qd1 Nd3 14. Re3 Nxc1 15. Rxc1 {0-1 (45) Oleksienko,M (2615)-Korobov,A (2692) Rivne 2016}) 8... Na6 9. e5 Nd7 10. c4 Naxc5 11. Bc2 dxc4 {LiveBook: 6 Games} (11... f6 $5 {seems wilder.} 12. exf6 Bxf6 13. Nb3 b6 14. Nxc5 Nxc5 15. Be3 Qe7) 12. Nxc4 b5 13. Nd6 Nxe5 14. Nxb5 Nxf3+ 15. Qxf3 Bb7 $146 16. Qh3 {[%csl Gc2][%cal Rh3h7]} Be4 17. Bxe4 Nxe4 18. Be3 Bc5 19. Bxc5 Nxc5 20. Qe3 Qb6 21. Nd4 Nd7 22. Rfd1 Nf6 23. Qb3 Rfb8 24. Qxb6 Rxb6 25. b3 a4 26. g3 g6 27. Rac1 Rd8 {Hoping for ...Rbd6.} 28. Nf3 ({Don't take} 28. bxa4 $2 Rbd6 29. Rc4 e5 $19) 28... Rxd1+ 29. Rxd1 axb3 30. axb3 Rxb3 $17 {[%mdl 4096] Endgame KRN-KRN} 31. Rd8+ Kg7 32. Nd2 Rc3 (32... Rb5 $5 {creates asymmetry.} 33. Ra8 g5 34. Ra4 Rd5 35. Nf1 h5) 33. Kg2 Rc2 34. Rd3 g5 35. h3 h5 36. Kf3 Kg6 37. Kg2 Ra2 38. Rd4 Nd5 39. Nf1 f6 40. Re4 Kf7 41. Rd4 {[#]} h4 $1 {[%mdl 512]} 42. Nd2 (42. gxh4 Nf4+) 42... hxg3 43. fxg3 Ne7 {And now ...e5 would win.} 44. Rd3 Nc6 45. Kf1 Ne5 46. Rd4 Ke7 47. Ke2 (47. Ne4 $17) 47... f5 $19 48. Rb4 Kf6 49. Rd4 Ra3 50. Nf1 $2 (50. Kf2 $17 {was called for.}) 50... Nc6 (50... Nf3 $142 51. Rd3 Ng1+ 52. Ke3 Rxd3+ 53. Kxd3 Nxh3) 51. Rc4 Ne7 52. Ne3 {[#]} (52. h4 $142) 52... Ra2+ $1 53. Kf1 Rh2 54. h4 gxh4 55. gxh4 Ng6 56. Ng2 Rh3 57. Rc6 $2 (57. Ke2) 57... f4 ({Stronger than} 57... Nxh4 {[#]} 58. Rxe6+ $1 {[%mdl 512]} Kg5 59. Nxh4 $11) 58. Kf2 Kf5 59. Rc7 Ne5 60. Rc8 $2 (60. Ne1) 60... Ng4+ 61. Kg1 e5 62. Rg8 Rg3 63. Rg5+ {Black mates.} Ke4 64. Kf1 f3 65. Ne1 Ke3 {[%cal Rg4h2]} 66. Nc2+ Kf4 67. Nb4 Ke4 68. Na2 Ke3 0-1

[Event "KAZ-ch Men 2017"]
[Site "Almaty"]
[Date "2017.04.12"]
[Round "2"]
[White "Nugumanov, Bakhtiyar"]
[Black "Makhnyov, Denis"]
[Result "1/2-1/2"]
[WhiteElo "2350"]
[BlackElo "2379"]
[Annotator "ChessBase"]
[PlyCount "57"]
[EventDate "2017.??.??"]
[EventType "tourn"]
[EventCountry "KAZ"]
[SourceTitle "playchess.com"]
[Source "ChessBase"]
[SourceQuality "1"]
[TimeControl "40/5400+30:1800+30"]

1. e4 {[%emt 0:01:39]} e5 {[%emt 0:01:03]} 2. Nf3 {[%emt 0:00:24]} Nc6 {[%emt 0:00:06]} 3. Bc4 {[%emt 0:00:04]} Bc5 {[%emt 0:00:03]} 4. c3 {[%emt 0:00:19]} Nf6 {[%emt 0:00:07]} 5. d4 {[%emt 0:00:28]} exd4 {[%emt 0:00:09]} 6. e5 {[%emt 0:00:10]} d5 {[%emt 0:00:57]} 7. Be2 {[%emt 0:00:21]} Ne4 {[%emt 0:00:08]} 8. cxd4 {[%emt 0:00:11]} Bb6 {[%emt 0:01:32]} 9. O-O {[%emt 0:02:48]} O-O {[%emt 0:00:39]} 10. Nc3 {[%emt 0:00:33]} Bg4 {[%emt 0:04:25]} 11. Be3 {[%emt 0:00:26]} f6 {[%emt 0:00:19]} 12. exf6 {[%emt 0:02:52]} Nxf6 {[%emt 0:00:08]} 13. Na4 {[%emt 0:01:58]} Qe7 {[%emt 0:04:32]} 14. Rc1 {[%emt 0:03:30]} Rae8 {[%emt 0:02:21]} 15. Re1 {[%emt 0:05:51]} Ba5 {[%emt 0:00:56]} 16. Nc3 {[%emt 0:05:27]} Nd8 {[%emt 0:03:12]} 17. Ne5 {[%emt 0:05:09]} Bxe2 {[%emt 0:00:06]} 18. Qxe2 {[%emt 0:01:08]} c6 {[%emt 0:00:08]} 19. a3 {[%emt 0:04:22]} Bxc3 {[%emt 0:09:08]} 20. Rxc3 {[%emt 0:03:42]} Ne4 {[%emt 0:00:30]} 21. Rcc1 {[%emt 0:01:03]} Nf7 {[%emt 0:00:12]} 22. Nd3 {[%emt 0:03:59]} Ned6 {[%emt 0:01:52]} 23. Qg4 {[%emt 0:04:10]} Qe4 {[%emt 0:03:53]} 24. Qd1 {[%emt 0:03:06]} Qf5 {[%emt 0:10:43]} 25. b3 {[%emt 0:03:58]} Re7 {[%emt 0:04:36]} 26. f3 {[%emt 0:03:33]} Rfe8 {[%emt 0:01:42]} 27. Qd2 {[%emt 0:00:14]} Qf6 {[%emt 0:00:30]} 28. Bf2 {[%emt 0:03:01]} Nf5 {[%emt 0:17:50]} 29. Rxe7 {[%emt 0:07:09]} 1/2-1/2

[Event "KAZ-ch Men 2017"]
[Site "Almaty"]
[Date "2017.04.12"]
[Round "2"]
[White "Akhmetov, Ayan"]
[Black "Saiyn, Zhanat"]
[Result "1-0"]
[WhiteElo "2311"]
[BlackElo "2395"]
[Annotator "ChessBase"]
[PlyCount "91"]
[EventDate "2017.??.??"]
[EventType "tourn"]
[EventCountry "KAZ"]
[SourceTitle "playchess.com"]
[Source "ChessBase"]
[SourceQuality "1"]
[TimeControl "40/5400+30:1800+30"]

1. e4 {[%emt 0:11:12]} g6 {[%emt 0:00:05]} 2. d4 {[%emt 0:00:16]} d6 {[%emt 0:00:51]} 3. Nf3 {[%emt 0:00:16]} Bg7 {[%emt 0:00:05]} 4. Bc4 {[%emt 0:00:05]} a6 {[%emt 0:02:17]} 5. a4 {[%emt 0:00:48]} Nf6 {[%emt 0:00:57]} 6. Qe2 {[%emt 0:00:22]} O-O {[%emt 0:03:23]} 7. O-O {[%emt 0:00:38]} Bg4 {[%emt 0:01:44]} 8. h3 {[%emt 0:02:07]} Bxf3 {[%emt 0:00:07]} 9. Qxf3 {[%emt 0:00:07]} Nc6 {[%emt 0:00:21]} 10. c3 {[%emt 0:08:14]} e5 {[%emt 0:01:59]} 11. Bd5 {[%emt 0:06:51]} Nxd5 {[%emt 0:10:58]} 12. exd5 {[%emt 0:00:07]} Ne7 {[%emt 0:00:04]} 13. dxe5 {[%emt 0:00:21]} dxe5 {[%emt 0:02:41]} 14. Rd1 {[%emt 0:00:15]} Qd7 {[%emt 0:06:30]} 15. Be3 {[%emt 0:04:42]} Nf5 {[%emt 0:01:28]} 16. Nd2 {[%emt 0:04:08]} Nd6 {[%emt 0:13:24]} 17. c4 {[%emt 0:06:54]} f5 {[%emt 0:02:58]} 18. c5 {[%emt 0:01:47]} e4 {[%emt 0:09:42]} 19. Qe2 {[%emt 0:06:28]} f4 {[%emt 0:08:05]} 20. Bxf4 {[%emt 0:11:07]} Rxf4 {[%emt 0:00:14]} 21. cxd6 {[%emt 0:00:05]} cxd6 {[%emt 0:03:08]} 22. Nxe4 {[%emt 0:01:45]} Bxb2 {[%emt 0:03:10]} 23. Rab1 {[%emt 0:01:36]} Bg7 {[%emt 0:15:49]} 24. Ng5 {[%emt 0:04:44]} Rxa4 {[%emt 0:01:12]} 25. Rxb7 {[%emt 0:01:43]} Qxb7 {[%emt 0:02:51]} 26. Qe6+ {[%emt 0:00:18]} Kh8 {[%emt 0:00:09]} 27. Nf7+ {[%emt 0:00:04]} Qxf7 {[%emt 0:00:08]} 28. Qxf7 {[%emt 0:00:06]} Ra1 {[%emt 0:07:11]} 29. Rxa1 {[%emt 0:00:43]} Bxa1 {[%emt 0:00:06]} 30. Qe7 {[%emt 0:02:53]} Be5 {[%emt 0:00:47]} 31. f4 {[%emt 0:00:12]} Bd4+ {[%emt 0:01:50]} 32. Kh2 {[%emt 0:00:06]} Bc5 {[%emt 0:00:26]} 33. h4 {[%emt 0:00:39]} Kg8 {[%emt 0:01:43]} 34. h5 {[%emt 0:02:33]} gxh5 {[%emt 0:00:22]} 35. f5 {[%emt 0:01:42]} Ra7 {[%emt 0:00:23]} 36. Qd8+ {[%emt 0:03:49]} Kg7 {[%emt 0:00:13]} 37. Qg5+ {[%emt 0:02:10]} Kf8 {[%emt 0:01:01]} 38. Qh6+ {[%emt 0:00:04]} Kg8 {[%emt 0:00:34]} 39. Qxh5 {[%emt 0:00:06]} Rf7 {[%emt 0:00:32]} 40. g4 {[%emt 0:01:31]} Kf8 {[%emt 0:30:30]} 41. Qh6+ {[%emt 0:30:16]} Kg8 {[%emt 0:00:00]} 42. Qe6 {[%emt 0:00:00]} a5 {[%emt 0:00:00]} 43. g5 {[%emt 0:00:00]} Kg7 {[%emt 0:00:00]} 44. f6+ {[%emt 0:00:00]} Kg8 {[%emt 0:00:00]} 45. g6 {[%emt 0:00:00]} hxg6 {[%emt 0:00:00]} 46. Qe8+ {[%emt 0:00:00]} 1-0

[Event "KAZ-ch Men 2017"]
[Site "Almaty"]
[Date "2017.04.13"]
[Round "3"]
[White "Kazhgaleyev, Murtas"]
[Black "Akhmetov, Ayan"]
[Result "1/2-1/2"]
[WhiteElo "2594"]
[BlackElo "2311"]
[Annotator "TA"]
[PlyCount "37"]
[EventDate "2017.??.??"]
[EventType "tourn"]
[EventCountry "KAZ"]
[SourceTitle "playchess.com"]
[Source "ChessBase"]
[SourceQuality "1"]

{[%evp 23,37,47,52,6,41,0,0,-5,0,0,22,-16,-3,0,-3,-7]} 1. d4 Nf6 2. Nf3 e6 3. c4 c5 4. Nc3 cxd4 5. Nxd4 a6 6. e4 Bb4 7. Bd3 Nc6 8. Nde2 d5 {B41: Sicilian: Kan Variation: 5 c4} 9. cxd5 exd5 10. exd5 Nxd5 11. O-O Nxc3 12. bxc3 Bd6 {LiveBook: 3 Games} 13. Qc2 h6 $146 (13... g6 14. Nd4 O-O 15. Nxc6 bxc6 16. Re1 Re8 17. Bb2 Rxe1+ 18. Rxe1 Bf8 19. Be4 Be6 20. Bxc6 {½-½ (20) Borisek,J (2509)-Hansen,S (2568) Gothenburg 2005}) 14. Ng3 O-O {The position is equal.} 15. Ne4 Be7 16. Bf4 Bf5 17. Nf6+ Bxf6 18. Bxf5 Qa5 19. Bd2 1/2-1/2

[Event "KAZ-ch Men 2017"]
[Site "Almaty"]
[Date "2017.04.13"]
[Round "3"]
[White "Ismagambetov, Anuar"]
[Black "Nugumanov, Bakhtiyar"]
[Result "1-0"]
[WhiteElo "2545"]
[BlackElo "2350"]
[Annotator "TA"]
[PlyCount "97"]
[EventDate "2017.??.??"]
[EventType "tourn"]
[EventCountry "KAZ"]
[SourceTitle "playchess.com"]
[Source "ChessBase"]
[SourceQuality "1"]

{[%evp 20,97,24,18,34,36,40,41,39,18,14,17,27,24,47,46,60,39,56,56,80,28,95,45,52,27,47,20,28,0,69,0,0,0,0,0,0,0,0,0,185,112,226,223,186,65,60,63,297,283,322,314,367,418,285,420,413,414,414,399,365,372,541,532,810,771,822,821,814,811,29990,768,751,725,29979,29980,29978,2752,29993,29994]} 1. e4 e5 2. Nf3 Nc6 3. Bb5 {[%cal Bf1b5,Bb5a4,Ba4b3][%mdl 32]} a6 4. Ba4 Nge7 5. O-O g6 6. c3 Bg7 7. d4 exd4 8. cxd4 b5 {C60: Ruy Lopez: Unusual Black 3rd moves and 3...g6} 9. Bb3 O-O 10. d5 Na5 11. Bd2 {LiveBook: 12 Games} c5 ({But not} 11... Bxb2 $6 12. Bxa5 Bxa1 13. Nc3 (13. d6 Nc6 14. dxc7 Qf6 $11) 13... Bxc3 14. Bxc3 $16) 12. Bc3 d6 13. Bxg7 Kxg7 14. h3 $146 (14. Bc2 Bg4 15. h3 Bxf3 16. Qxf3 {1-0 (67) Sedlak,N (2518)-Nabaty,T (2644) Palic 2016}) 14... Ng8 15. Nbd2 Nf6 16. Bc2 Re8 17. b3 Nh5 18. Nh2 Qf6 19. Ndf3 Bd7 20. Qd2 (20. Ng4 $16 Qf4 21. g3 Nxg3 22. fxg3 Qxg3+ 23. Kh1) 20... Nb7 $11 21. Rae1 b4 22. Kh1 Qb2 23. Rb1 Qxa2 24. Rfe1 Qa5 (24... Nf6 $11) 25. Ng5 (25. Ng4 $14 Bxg4 26. hxg4) 25... Qd8 26. g4 $1 {[%cal Rg4h5]} Nf6 27. f4 Bb5 28. Rbd1 h6 29. Ngf3 Nd7 $2 (29... Rc8 $11 {and Black is okay.}) 30. g5 (30. e5 $18) 30... hxg5 (30... h5 $16) 31. Nxg5 $18 Qf6 32. Qf2 ({Much less strong is} 32. Ng4 $6 Qc3 $14) (32. Rg1 $18) 32... Rh8 $14 33. Ng4 $36 {[%mdl 2048] White fights for an advantage.} Qb2 $2 ({Of course not} 33... Qc3 34. Re3 Qb2 35. e5 $16) ({Black should play} 33... Qe7 $1 $14) 34. e5 $18 {[#] Black must now prevent f5.} Rae8 35. Kg1 f5 36. exf6+ Nxf6 37. Ne6+ Kg8 {...Nxg4 would now be nice for Black.} 38. Bxg6 Qxf2+ 39. Kxf2 {[%cal Rg4f6] [#]} Nxg4+ 40. hxg4 Re7 (40... Rb8 {was necessary.} 41. Kg3 Be8) 41. f5 {[%cal Bf4f5,Bf5f6,Bf6f7][%mdl 32]} Na5 42. f6 Ra7 43. Ng5 Rh6 44. f7+ Kg7 45. Bh5 (45. Ne6+ $142 Kxg6 46. f8=Q Rf7+ 47. Nf4+ Rxf4+ 48. Qxf4 Rh2+ 49. Qxh2 Bd7 50. Qxd6+ Kg5 51. Qxd7 Nxb3 52. Qf5+ Kh6 53. Re7 Nd4 54. Rh7#) 45... Rf6+ 46. Kg3 Nxb3 47. Ne6+ Rxe6 48. dxe6 {Threatening mate with Rd5.} Re7 49. Rd5 1-0

[Event "KAZ-ch Men 2017"]
[Site "Almaty"]
[Date "2017.04.13"]
[Round "3"]
[White "Utegaliyev, Azamat"]
[Black "Agmanov, Zhandos"]
[Result "1/2-1/2"]
[WhiteElo "2516"]
[BlackElo "2377"]
[Annotator "TA"]
[PlyCount "128"]
[EventDate "2017.??.??"]
[EventType "tourn"]
[EventCountry "KAZ"]
[SourceTitle "playchess.com"]
[Source "ChessBase"]
[SourceQuality "1"]

{[%evp 16,128,-18,-12,0,-8,8,7,20,9,16,16,8,16,72,71,72,62,62,62,77,16,20,0,0,0,0,0,0,0,0,-14,0,0,0,0,0,0,0,14,71,68,97,96,93,101,97,94,93,86,84,83,79,38,31,31,25,27,26,29,29,21,29,33,54,11,27,26,137,148,83,0,0,0,0,0,0,0,0,0,0,0,0,0,0,0,0,0,0,0,0,0,0,0,0,0,0,0,0,0,52,0,0,0,0,0,0,0,0,0,0,0,0,0,0]} 1. c4 Nf6 2. Nc3 e5 3. g3 Bb4 4. Bg2 O-O 5. e4 Bxc3 6. bxc3 c6 7. Ba3 {A22: English Opening: 1...e5 2 Nc3 Nf6} (7. Nf3 Re8 8. O-O d5 9. cxd5 cxd5 10. exd5 Nxd5 11. c4 Nb4 12. d4 exd4 13. Nxd4 N8c6 14. Nxc6 Nxc6 {1-0 (29) Matlakov,M (2694)-Ponomariov,R (2709) Tallinn 2016}) 7... Re8 8. Qb3 Na6 9. Ne2 {LiveBook: 13 Games} b6 10. O-O Nc5 11. Qc2 Bb7 $146 (11... Ba6 12. d3 d5 13. Bxc5 bxc5 14. Qa4 Qc8 15. exd5 cxd5 16. Rfe1 {½-½ (16) Bachmann,A (2548)-Friedel,J (2508) Berkeley 2011}) 12. Rab1 {[#] Hoping for Bxc5.} Qc7 13. Bxc5 bxc5 14. f4 d5 (14... d6 $11) 15. fxe5 $16 Nxe4 16. cxd5 cxd5 17. d3 Ng5 18. h4 (18. c4 $16 Ba6 19. Nf4 (19. Bxd5 Rad8 $16) 19... Qxe5 20. Qa4 (20. cxd5 Qd4+ 21. Qf2 Re3 $14) (20. Nxd5 Rab8 $16) (20. Bxd5 Rad8 $16)) 18... Ne6 $11 19. Nf4 Nxf4 20. gxf4 Rad8 21. Qf2 Ba6 22. Rfd1 Bc8 23. d4 Bf5 24. Rb5 cxd4 25. cxd4 ({Of course not} 25. Qxd4 {[#]} Be4 $1 {[%mdl 512]} 26. Rc5 Qe7 $17) 25... Qc6 26. Rc5 Qg6 27. Kh2 Be6 (27... Rc8 $11) 28. Qg3 $16 Rb8 29. Qxg6 hxg6 30. Bxd5 Bxd5 31. Rxd5 {[%mdl 4096] Endgame KRR-KRR} Rb2+ 32. Kg3 Rxa2 33. Rc5 Ra3+ 34. Kf2 Rb8 35. Rd2 Rh3 $1 {[%cal Rh3h2]} 36. Kg2 ({Don't go for} 36. d5 $2 Rh2+ 37. Kf3 Rb3+ 38. Ke4 Rxd2 $19) 36... Rxh4 37. Kg3 g5 38. fxg5 Re4 39. Kf3 Re1 40. Rc3 Re8 41. Re3 Rxe3+ (41... Rf1+ $11 {remains equal.} 42. Ke4 Rb8) 42. Kxe3 $11 {KR-KR} f6 43. g6 ({White should play} 43. Ke4 $16) 43... fxe5 44. d5 {[%cal Bd4d5,Bd5d6][%mdl 32]} Kf8 $1 45. d6 {Strongly threatening Ke4.} Rb8 $1 46. Rh2 {[%cal Rh2h8]} Rb3+ 47. Ke4 {[%cal Rh2h8]} Ke8 48. Rh7 Kd7 $1 49. Rxg7+ Kxd6 50. Kf5 Rf3+ 51. Kg4 Rf1 52. Rxa7 Ke6 53. Kg5 Rg1+ 54. Kh6 Kf5 55. Rf7+ Ke4 56. g7 {Rf6 is the strong threat.} Kd3 57. Rd7+ Kc3 (57... Ke3 $11) 58. Rd5 (58. Re7 $14 Kd4 59. Re6 Rh1+ 60. Kg5 Rg1+ 61. Kh6 Rh1+ 62. Kg6) 58... Rxg7 {The position is equal.} 59. Kxg7 {KR-KP} e4 60. Kf6 {White wants to mate with Re5.} e3 61. Re5 Kd2 62. Rd5+ Kc2 63. Re5 Kd2 64. Rxe3 Kxe3 1/2-1/2

[Event "KAZ-ch Men 2017"]
[Site "Almaty"]
[Date "2017.04.13"]
[Round "3"]
[White "Kuderinov, Kirill"]
[Black "Jumabayev, Rinat"]
[Result "0-1"]
[WhiteElo "2482"]
[BlackElo "2614"]
[Annotator "TA"]
[PlyCount "86"]
[EventDate "2017.??.??"]
[EventType "tourn"]
[EventCountry "KAZ"]
[SourceTitle "playchess.com"]
[Source "ChessBase"]
[SourceQuality "1"]

{[%evp 21,86,0,0,-26,-18,-20,-16,-28,-15,-35,-15,-19,-13,-24,0,0,0,0,-10,-25,-5,-13,-1,-9,7,0,-9,-20,-21,-38,-37,-33,-27,-50,0,-37,-39,-43,0,-251,-226,-392,-377,-1025,-1015,-968,-971,-1017,-224,-328,-304,-279,-212,-206,-208,-196,-204,-239,-250,-251,-231,-225,-225,-260,-253,-397,-381]} 1. e4 c5 2. Nf3 d6 3. Bb5+ Nd7 4. O-O a6 5. Bxd7+ Bxd7 6. d4 cxd4 7. Qxd4 Rc8 {B51: Sicilian: Moscow Variation (3 Bb5+) without 3...Bd7} 8. Nc3 e5 9. Qd3 h6 10. Be3 (10. Nd2 Qc7 11. Rd1 Bg4 12. f3 Be6 13. Nf1 Nf6 14. Ne3 Be7 15. a4 O-O {½-½ (62) Adams,M (2748)-Giri,A (2771) London 2016}) 10... Nf6 11. a4 Be6 {LiveBook: 7 Games. next ...Bc4 is good for Black.} 12. Rfc1 $146 (12. Rfd1 Be7 13. a5 O-O 14. Bb6 Qe8 15. Nd2 Qc6 16. Nf1 Nh5 17. Ne3 Nf4 18. Qf1 {1-0 (43) Schoppen,C (2297)-Beerdsen,T (2402) Netherlands 2016}) 12... Be7 13. a5 Qc7 14. Bb6 Qc6 15. Rd1 O-O 16. Ne1 Nd7 17. Be3 f5 18. exf5 Rxf5 19. Nd5 Bf8 {[#] Strongly threatening ...e4!} 20. f3 Nc5 21. Qc4 Rf7 22. c3 Qe8 23. Qb4 Bf5 24. Nb6 Rc6 25. Bxc5 dxc5 26. Qc4 e4 27. f4 Rg6 28. Rd2 e3 $36 {[%mdl 2048] Black is more active.} 29. Rd5 Be6 30. Re5 $2 {[%mdl 8192]} (30. Qe4 $11 Rgf6 31. Nd3 (31. Qxe3 Qb5 32. Rdd1 Bg4 $11)) 30... Bd6 $19 ({Less strong is} 30... Bxc4 31. Rxe8 Bb5 32. Rxe3 $17) 31. Rxe3 $2 (31. Qe4 {might work better.} Rgf6 32. Nd3 Bxe5 33. Nxe5 Rxf4 34. Qxe3) 31... Bxf4 32. Re4 $2 {[#]} (32. Rxe6 Rxe6 33. Nf3) 32... Bxh2+ $1 {[%mdl 512]} 33. Kh1 (33. Kxh2 Qb8+) 33... Bg3 34. Nf3 Qc6 $2 (34... Rxf3 35. gxf3 Qf7) 35. Qe2 (35. Qa4 {is the only way for White.}) 35... Bg4 36. Rf1 Re6 37. Rxe6 Qxe6 38. Qxe6 Bxe6 39. Na4 Rf5 40. Kg1 Bd7 41. Nb6 Bc6 42. Rd1 g5 {[%cal Bg7g5,Bg5g4][%mdl 32]} ({Don't play} 42... Bxf3 43. gxf3 Bc7 44. Nd5 Rg5+ 45. Kf1 Bxa5 46. Ne7+ Kh7 47. Rd7 $17) 43. Nc4 (43. Rd2 {was worth a try.}) 43... g4 0-1

[Event "KAZ-ch Men 2017"]
[Site "Almaty"]
[Date "2017.04.13"]
[Round "3"]
[White "Saiyn, Zhanat"]
[Black "Saduakassova, Dinara"]
[Result "1/2-1/2"]
[WhiteElo "2395"]
[BlackElo "2449"]
[Annotator "TA"]
[PlyCount "30"]
[EventDate "2017.??.??"]
[EventType "tourn"]
[EventCountry "KAZ"]
[SourceTitle "playchess.com"]
[Source "ChessBase"]
[SourceQuality "1"]

{[%evp 12,30,8,8,8,18,22,16,18,12,9,0,0,0,12,0,2,7,10,7,12]} 1. d4 Nf6 2. Nf3 e6 3. c4 b6 4. a3 Bb7 5. Nc3 d5 6. Bf4 dxc4 {E12: Queen's Indian: Unusual White 4th moves, 4 a3, 4 Nc3 Bb7 5 a3 and 4 Nc3 Bb7} (6... Bd6 7. Bg3 O-O 8. cxd5 Nxd5 9. Nxd5 Bxd5 10. Qc2 Nd7 11. e4 Bb7 12. e5 Be7 13. Bd3 h6 14. Bh7+ {1-0 (69) Laznicka,V (2666)-Kraemer,M (2570) Germany 2015}) 7. e3 {LiveBook: 3 Games. The position is equal.} Bd6 8. Bxd6 Qxd6 9. Bxc4 O-O 10. O-O Nbd7 11. b4 $146 (11. Qe2 c5 12. Rfd1 a6 13. e4 Qf4 14. d5 exd5 15. Nxd5 Nxd5 16. Bxd5 Bxd5 17. Rxd5 {0-1 (36) Kirsner,D (1800)-Bennedik,M (2445) ICCF email 2009}) 11... a5 12. Rb1 Rfd8 13. Re1 Ne4 14. Nxe4 Bxe4 15. Bd3 Bxd3 1/2-1/2